Statistics for Foreign NBA Players Country of Birth

Click here to take the quiz!

General Stats

  • This quiz has been taken 37 times
    (6 since last reset)
  • The average score is 27 of 42

Answer Stats

PlayerCountry of Birth% Correct
Manu GinobiliArgentina
100%
NenêBrazil
100%
Joel EmbiidCameroon
100%
Yao MingChina
100%
Toni KukočCroatia
100%
Dirk NowitzkiGermany
100%
Giannis AntetokounmpoGreece
100%
Marco BelinelliItaly
100%
Steven AdamsNew Zealand
100%
Marcin GortatPoland
100%
Andrei KirilenkoRussia
100%
Vlade DivacSerbia
100%
Luka DončićSlovenia
100%
Hedo TürkoğluTurkey
100%
Ben SimmonsAustralia
75%
Dikembe MutomboDR Congo
75%
Lauri MarkkanenFinland
75%
Omri CasspiIsrael
75%
Arvydas SabonisLithuania
75%
Ricky RubioSpain
75%
Manute BolSudan
75%
Jonas JerebkoSweden
75%
Jusuf NurkićBosnia and Herzegovina
50%
Al HorfordDominican Republic
50%
Zaza PachuliaGeorgia
50%
Kristaps PorziņģisLatvia
50%
Eduardo NájeraMexico
50%
Michael OlowokandiNigeria
50%
Steve NashSouth Africa
50%
Clint CapelaSwitzerland
50%
Slava MedvedenkoUkraine
50%
Greivis VásquezVenezuela
50%
Tony ParkerBelgium
25%
Ben GordonEngland
25%
Skal LabissièreHaiti
25%
Yuta TabuseJapan
25%
Nikola PekovićMontenegro
25%
Gheorghe MureșanRomania
25%
DeSagana DiopSenegal
25%
Thon MakerSouth Sudan
25%
Hasheem ThabeetTanzania
25%
Dan GadzuricNetherlands
0%

Score Distribution

Percentile by Number Answered

Percent of People with Each Score

Your Score History

You have not taken this quiz since the last reset